000 01000nam a2200277 a 4500
001 68282
003 BD-RjUL
005 20211209081742.0
008 170401s1957 n a b 001 0 eng d
035 _a(BD-RjUL)68492
040 _aDLC/ICU
_cICU
_beng
041 _aeng
051 _aQA21
_b.S32 Copy 2
_cCopy 2.
082 0 0 _a510
_223
_bSAS 1957
100 1 _aSarton, George,
_d1884-1956.
_9151760
245 1 4 _aThe study of the history of mathematics /
_cby George Sarton ...
250 _anew ed.
260 _aNew york :
_bDover Publications,
_c1957.
300 _a[3], 112 p., 74 p, 15 p. :
_bill. ;
_c22 cm.
500 _aHalf-title: The study of the history of mathematics; being the substance of the inaugural lecture of a course on the history of mathematics in Harvard university, delivered February 4, 1936.
504 _aIncludes Bibliography and index
650 0 _aMathematics
_xHistory.
_9123612
650 0 _aMathematicians.
_9202440
942 _2ddc
_cBK
999 _c68282
_d68282